| 000 | 00473nam a2200181 a 4500 | ||
|---|---|---|---|
| 005 | 20210219152824.0 | ||
| 008 | 991125n 000 0 eng u | ||
| 035 | _aUPN01000062366 | ||
| 100 | _aASHLEY, Rosalind | ||
| 240 | 1 | 0 | _aA teacher shares a succeful idea |
| 245 | 0 | _aGRADE TEACHER | |
| 300 | _a54, 57 | ||
| 362 | _a1968 sep. | ||
| 653 | 0 | _aINTERACCION MAESTRO-ALUMNO | |
| 653 | 0 | _aRELACIONES INTERGRUPALES | |
| 904 |
_aArtÃculo _b000177 |
||
| 905 | _aArtÃculo | ||
| 999 |
_c61687 _d61687 |
||